000 01561ngm a22003250a 4500
001 PT44195
003 AR-LpoUNG
005 20210201235946.0
007 vd cvaizq
008 191001ss.f.||||ag |||||||||||||||||ita d
037 _c$6.6
040 _aAR-LpoUNG
_bspa
_cAR-LpoUNG
_eaacr
041 _aita
044 _aag
082 0 _a302.5 319och
100 1 _aFellini, Federico
_edir.
245 1 0 _a8 1/2 :
_bocho y medio
260 _aBuenos Aires :
_bPágina 12,
_cs.f..
300 _aDVD (138 min.) : son., byn
505 0 _aHecha en 1963. - Subtítulos en español. - Guión: Tullio Pinelli, Federico Fellini, Ennio Flaiano, Brunello Rondo. - Música: Nino Rota. - Fotografía: Gianni di Venanzo. - Música: Nino Rota. - Fotografía: Gianni Di Venanzo. - Elenco: Marcello Mastroianni, Claudia Cardinale, Anouk Aimée, Sandra Milo, Rossella Falk, Barbara Steele, Mario Pisu, Guido Alberti, Madeleine LeBeau, Caterina Boratto, Annibale Ninchi.
520 _aGuido Anselmi es un director de cine que ha perdido la inspiración cuando se encuentra preparando su siguiente película. Su esposa, su amante, su productor y su actriz principal lo acosan y presionan de una u otra manera, pero Guido sólo puede refugiarse en sus recuerdos y ensoñaciones. Sólo allí podrá encontrar a la musa que se resiste a brindarle la inspiración.
650 4 _aCREATIVIDAD
650 4 _aINDUSTRIA CINEMATOGRAFICA
650 4 _aRELACIONES HUMANAS
651 4 _aItalia
653 _aCINE ITALIANO
653 _aVIDEOS
905 _a44195
942 _cDVD
999 _c53853
_d53853